AH International Schools' Libraries

Mary Anne's Bad Luck Mystery / (Record no. 48540)

MARC details
000 -LEADER
fixed length control field 00417nam a2200121 4500
020 ## - INTERNATIONAL STANDARD BOOK NUMBER
International Standard Book Number 978-1338616101
100 ## - MAIN ENTRY--PERSONAL NAME
Personal name Martin, Ann M.,
Relator term author.
245 ## - TITLE STATEMENT
Title Mary Anne's Bad Luck Mystery /
Statement of responsibility, etc Base on the novel by Ann M. Martin, a graphic novel by Ctnthia Yuan Cheng.
260 ## - PUBLICATION, DISTRIBUTION, ETC. (IMPRINT)
Name of publisher, distributor, etc Graphix,
Date of publication, distribution, etc 2022.
300 ## - PHYSICAL DESCRIPTION
Extent 176 pages.
Dimensions 5.5 x 0.5 x 8 inches.
490 ## - SERIES STATEMENT
Series statement The baby-sitters club graphic novel ; 13
942 ## - ADDED ENTRY ELEMENTS (KOHA)
Source of classification or shelving scheme
Koha item type Book
Holdings
Withdrawn status Lost status Source of classification or shelving scheme Damaged status Not for loan Home library Current library Date acquired Total Checkouts Full call number Barcode Checked out Date last seen Date checked out Price effective from Koha item type
          Logos International School Logos International School 03/06/2025 30 J GRAPHIC MAR 040472 05/05/2026 04/27/2026 04/27/2026 03/06/2025 Book

For any Logos Library related questions please contact Miss Art at swongnarasuk@asianhope.org.

For any Asian Hope Library related questions please contact Miss Raza at graza@asianhope.org.

Powered by Koha